000 01297nam a2200349 i 4500
001 bg
003 BPK
005 20200622140440.0
008 020529s2002 pl a f |001 0 pol
015 _aPB 2002/8922
020 _a8388199358
040 _aWA N
_cBPK
041 1 _apol
_hger
080 _a327.39(4-67)
080 _a(07)
245 0 0 _aEuropa od A do Z :
_bpodręcznik integracji europejskiej /
_c[red.] Werner Weidenfeld, Wolfgang Wessels ; [aut. Franco Algieri et al.] ; przeł. Elżbieta Ptaszyńska-Sadowska.
246 1 _iTyt. oryg. :
_aEuropa von A-Z :
_bTaschenbuch der europäischen Integration.
250 _a4 wyd.
260 _aGliwice :
_b"Wokół Nas",
_c2002.
300 _a490 s. :
_bil., mapa ;
_c21 cm.
500 _aNazwy aut. na s. 475-477.
504 _aBibliogr. przy rozdz. Indeks.
655 4 _aPodręcznik
610 2 4 _aUnia Europejska
700 1 _aWeidenfeld, Werner
_d(1947- ).
_eRed.
700 1 _aWessels, Wolfgang
_d(1948- ).
_eRed.
700 1 _aAlgieri, Franco.
700 1 _aPtaszyńska-Sadowska, Elżbieta.
_eTł.
710 2 _aWydawnictwo "Wokół Nas"
_4pbl.
856 _uhttp://koha.tu.koszalin.pl/cgi-bin/koha/opac-detail.pl?biblionumber=53702
_yKatalog online BPK
942 _2UKD
_cKS
999 _c53702
_d53702